Naufus Ramírez-Figueroa / (Record no. 4598)

MARC details
000 -LEADER
campo de control de longitud fija 01206nam a22002897i 4500
003 - IDENTIFICADOR DE NÚMERO DE CONTROL
campo de control OSt
005 - FECHA Y HORA DE LA ÚLTIMA TRANSACCIÓN
campo de control 20251210171938.0
008 - DATOS DE LONGITUD FIJA--INFORMACIÓN GENERAL
campo de control de longitud fija 251210s2017 xxuo|||grc||| 00| 0 eng d
020 ## - NÚMERO INTERNACIONAL ESTÁNDAR DEL LIBRO
Número Internacional Estándar del Libro 9780985448578
040 ## - FUENTE DE CATALOGACIÓN
Lengua de catalogación spa
Centro/agencia transcriptor LADOV
041 1# - CÓDIGO DE IDIOMA
Código de lengua del texto/banda sonora o título independiente spa
-- eng
082 04 - NÚMERO DE LA CLASIFICACIÓN DECIMAL DEWEY
Número de clasificación 708
Número de ítem B433n
100 1# - ENTRADA PRINCIPAL--NOMBRE DE PERSONA
Nombre de persona Bell, Natalie
Término indicativo de función/relación editora
245 10 - MENCIÓN DEL TÍTULO
Título Naufus Ramírez-Figueroa /
Mención de responsabilidad, etc. edited by Natalie Bell, João Mourão and Luis Sílva.
260 ## - PUBLICACIÓN, DISTRIBUCIÓN, ETC.
Lugar de publicación, distribución, etc. Nueva York :
Nombre del editor, distribuidor, etc. New Museum,
Fecha de publicación, distribución, etc. [2018].
260 ## - PUBLICACIÓN, DISTRIBUCIÓN, ETC.
Lugar de publicación, distribución, etc. Lisboa, Portugal :
Nombre del editor, distribuidor, etc. Kunsthalle Lissabon,
Fecha de publicación, distribución, etc. [2018].
300 ## - DESCRIPCIÓN FÍSICA
Extensión 183 páginas :
Otras características físicas fotografías e ilustraciones a color ;
Dimensiones 25 cm
500 ## - NOTA GENERAL
Nota general Published on the occasion of the exhibition "Naufus Ramírez-Figueroa: The house ot Kawinal (June 6 - September 9, 2018). – Publicado con motivo de la exposición "Naufus Ramírez-Figueroa: La casa de Kawinal (6 de junio - 9 de septiembre de 2018).
650 04 - PUNTO DE ACCESO ADICIONAL DE MATERIA--TÉRMINO DE MATERIA
Término de materia o nombre geográfico como elemento de entrada Arte
Subdivisión de forma exposiciones
650 04 - PUNTO DE ACCESO ADICIONAL DE MATERIA--TÉRMINO DE MATERIA
Término de materia o nombre geográfico como elemento de entrada Arte
Subdivisión de forma Guatemala
650 04 - PUNTO DE ACCESO ADICIONAL DE MATERIA--TÉRMINO DE MATERIA
Término de materia o nombre geográfico como elemento de entrada Arte
Subdivisión de forma catálogos
650 04 - PUNTO DE ACCESO ADICIONAL DE MATERIA--TÉRMINO DE MATERIA
Término de materia o nombre geográfico como elemento de entrada Arte contemporáneo
700 1# - ENTRADA AGREGADA--NOMBRE PERSONAL
Nombre de persona Mourão, João
Término indicativo de función/relación editor
700 1# - ENTRADA AGREGADA--NOMBRE PERSONAL
Nombre de persona Sílva, Luis
Término indicativo de función/relación editor
700 1# - ENTRADA AGREGADA--NOMBRE PERSONAL
Nombre de persona Ramírez-Figueroa, Naufus
Término indicativo de función/relación editor
-- artista
942 ## - ELEMENTOS DE ENTRADA SECUNDARIOS (KOHA)
Fuente del sistema de clasificación o colocación Clasificación Decimal Dewey
Tipo de ítem Koha Libros
Parte de la signatura que corresponde a la clasificación (Parte de la clasificación) 708
Parte de la signatura que identifica el ejemplar (Parte del ítem) B433n
Suprimir en OPAC No
Holdings
Estatus retirado Estado de pérdida Fuente del sistema de clasificación o colocación Estado de daño No para préstamo Colección Biblioteca de origen Biblioteca actual Fecha de adquisición Total de préstamos Signatura topográfica completa Código de barras Visto por última vez Precio de reemplazo Tipo de ítem Koha
    Clasificación Decimal Dewey     Libros Biblioteca LadoV Biblioteca LadoV 10/12/2025   708 B433n 005273 10/12/2025 10/12/2025 Libros